00616nam a2200217Ia 4500001000900000003000500009005001700014008004100031010001100072020001800083040000900101082001700110100001700127245008900144260003700233300001100270440001700281503000800298650005800306700003400364dia_5156CHAP20251027152029.0220117s1991 xx 000 0 und d a176016 a970-10-0004-8 cCHAP a512 A97 1991 aAyres, Frank aEcuaciones diferenciales /c Frank Ayres Jr. ; traducción Tomás Gómez de Dios aMéxico :b McGraw-Hill,c1991 a296 p. aSerie Schaum aC/e aEcuaciones diferencialesxProblemas, ejercicios, etc. aGómez de Dios, Tomás, tr.